| 000 | 01425cam a2200241 4500 | ||
|---|---|---|---|
| 001 | X122908 | ||
| 008 | 030702n2002 000 0 eng u | ||
| 035 | _a(Sirsi) u122908 | ||
| 100 | _aAppleby, M. | ||
| 245 | _aDump and run | ||
| 260 | _c2002 | ||
| 490 |
_aRICS Rural Professional _vDecember 2002, 32-33(2) |
||
| 520 | _aExamines the issue of flytipping; dumping is on the increase and private landowners are having to pay out more as legislation discourages people from disposing of all sorts of material. The aim of the legislation is to reduce the amount of waste going to landfill as government implements its waste strategy. Legislation examined inclides EU directives and regulations on landfill, ozone depleting substances, end-of-life vehicles and waste electrical and electronic equipment. Also looks at what landowners can do to combat the problem of flytipping and how to deal with dumped material. RICS had published a report "Dump and run" focusing on the typical waste dumped in the countryside and its implications for landowners and managers. | ||
| 650 | _aDIRECTIVE 99/31/EC | ||
| 650 | _aDIRECTIVE 02/96/EC | ||
| 650 | _aENVIRONMENTAL PROTECTION ACT 1990 | ||
| 650 | _aFLY-TIPPING | ||
| 650 | _aWASTE COLLECTION | ||
| 650 | _aWASTE ELECTRICAL AND ELECTRONIC EQUIPMENT REGULATIONS | ||
| 650 | _aWASTE STRATEGY | ||
| 690 | _aENVIRONMENTAL AND LAND CONSULTANCY-WASTE MANAGEMENT | ||
| 942 | _n0 | ||
| 999 |
_c72991 _d72991 |
||